000
00373nam a2200157Ia 4500
008
141214s1999||||xx |||||||||||||| ||und||
082
_a
658./H7
245
_a
Nuevas tendencias en marketing
260
_a
Barcelona :
_b
Deusto,
_c
1999
300
_a
197 p.
440
_a
Harvard Business Review
942
_c
Libro
999
_c
977
_d
977